[Event "Open A"]
[Site "Mortara ITA"]
[Date "2011.09.??"]
[Round "2"]
[White "Genocchio, Daniele"]
[Black "Sbarra, Marco"]
[Result "0-1"]
[WhiteElo "2432"]
[BlackElo "2227"]
[PlyCount "104"]
[EventDate "2011.09.16"]

1. e4 e5 2. Nf3 Nc6 3. d4 exd4 4. Nxd4 Nf6 5. Nxc6 bxc6 6. e5 Qe7 7. Qe2 Nd5 8.
c4 Ba6 9. b3 g6 10. Bb2 Bg7 11. Nd2 Nb4 12. O-O-O Nxa2+ 13. Kb1 Nb4 14. Ne4 Bb7
15. Qe3 O-O 16. f4 Rfe8 17. Be2 d6 18. g4 c5 19. h4 Bxe4+ 20. Qxe4 a5 21. h5 a4
22. hxg6 hxg6 23. bxa4 Rxa4 24. Rd2 dxe5 25. Bd1 Ra6 26. f5 Qg5 27. Rdh2 Nc6
28. fxg6 Qxg6 29. Qxg6 fxg6 30. Bf3 e4 31. Re1 Bxb2 32. Rxb2 Nd4 33. Rxe4 Rxe4
34. Bxe4 Kg7 35. Rf2 Re6 36. Bd3 Rf6 37. Ra2 Rf3 38. Be4 Re3 39. Bd5 Re1+ 40.
Kb2 Re2+ 41. Kb1 Rxa2 42. Kxa2 Kf6 43. Ka3 Ke5 44. Bf7 g5 45. Be8 Nf3 46. Ka4
Kd4 47. Bd7 Kxc4 48. Be6+ Kd3 49. Bf5+ Kd4 50. Kb5 c4 51. Kc6 c3 52. Kxc7 Ne5
0-1

[Event "Open A"]
[Site "Mortara ITA"]
[Date "2011.09.??"]
[Round "2"]
[White "Giretti Kanev, Jasen"]
[Black "Di Paolo, Raffaele"]
[Result "1/2-1/2"]
[WhiteElo "2205"]
[BlackElo "2281"]
[PlyCount "121"]
[EventDate "2011.09.16"]

1. c4 e6 2. Nf3 d5 3. g3 Nf6 4. Bg2 Be7 5. O-O O-O 6. d3 c5 7. Bf4 Nc6 8. Ne5
Nxe5 9. Bxe5 Bd6 10. Bxd6 Qxd6 11. Nc3 d4 12. Nb5 Qe7 13. Qd2 e5 14. Rab1 a6
15. Na3 a5 16. Nb5 Bg4 17. a3 Ra6 18. Rfe1 Rfa8 19. e3 dxe3 20. Qxe3 Re8 21. b4
axb4 22. axb4 b6 23. bxc5 bxc5 24. Ra1 Rxa1 25. Rxa1 h6 26. Ra7 Bd7 27. Rc7 Rc8
28. Rxc8+ Bxc8 29. h3 g5 30. f4 Nd7 31. Nc7 gxf4 32. gxf4 Qd6 33. Nd5 Bb7 34.
Ne7+ Qxe7 35. Bxb7 Qd6 36. Qg3+ Kf8 37. fxe5 Nxe5 38. Bd5 Qg6 39. Qxg6 fxg6 40.
Be4 g5 41. Kf2 Ke7 42. Ke3 Kd6 43. Bd5 Ng6 44. Be4 Nf4 45. h4 Ke5 46. hxg5 hxg5
47. Bf3 Ne6 48. Bg4 Nd4 49. Bh3 Nc6 50. Bd7 Ne7 51. Bh3 Ng8 52. Bc8 Nh6 53. d4+
cxd4+ 54. Kd3 g4 55. c5 g3 56. Bb7 Ng4 57. Ke2 Kf4 58. Bg2 Nf6 59. c6 Ne8 60.
Kd3 Ke5 61. Ke2 1/2-1/2

[Event "Open A"]
[Site "Mortara ITA"]
[Date "2011.09.??"]
[Round "2"]
[White "Marchini, Daniele"]
[Black "Guzzetti, Luigi Enrico"]
[Result "0-1"]
[WhiteElo "1768"]
[BlackElo "1955"]
[PlyCount "76"]
[EventDate "2011.09.16"]

1. d4 Nf6 2. c4 g6 3. Nc3 Bg7 4. e4 d6 5. Nf3 O-O 6. Be2 c5 7. d5 e6 8. a3 exd5
9. exd5 Re8 10. O-O Bg4 11. h3 Bxf3 12. Bxf3 Nbd7 13. Bf4 Ne5 14. Bxe5 Rxe5 15.
Qc2 Qe7 16. Rab1 Nd7 17. b4 cxb4 18. axb4 Rc8 19. Nb5 a6 20. Na3 b5 21. Rfc1
Bh6 22. Rd1 bxc4 23. Nxc4 Nb6 24. Rd4 Re1+ 25. Rxe1 Qxe1+ 26. Kh2 Qe5+ 27. Nxe5
Rxc2 28. Ng4 Bg7 29. Re4 f5 30. Re8+ Kf7 31. Ne3 Rxf2 32. Rb8 Bd4 33. Rb7+ Kf6
34. Nd1 Rd2 35. Rxh7 Nc4 36. Kg3 Ne5 37. Kf4 g5+ 38. Kg3 f4+ 0-1

[Event "Open A"]
[Site "Mortara ITA"]
[Date "2011.09.??"]
[Round "2"]
[White "Motola, Jacopo"]
[Black "Fadali, Mustafa"]
[Result "0-1"]
[WhiteElo "1848"]
[BlackElo "2027"]
[PlyCount "92"]
[EventDate "2011.09.16"]

1. e4 c5 2. Nf3 d6 3. d4 cxd4 4. Qxd4 Nc6 5. Bb5 Bd7 6. Bxc6 Bxc6 7. Nc3 e6 8.
Bg5 Qa5 9. O-O h6 10. Bh4 e5 11. Qd3 g5 12. Bg3 Nf6 13. Rad1 Be7 14. Nd2 Rd8
15. Nc4 Qc7 16. Ne3 h5 17. h4 Ng4 18. Nf5 gxh4 19. Bxh4 Bxh4 20. Nxh4 a6 21.
Nf5 Kf8 22. Nxd6 Rd7 23. Rd2 Rh6 24. Rfd1 Rhxd6 25. Qxd6+ Rxd6 26. Rxd6 Qb6 27.
R1d2 Qxb2 28. Nd1 Qb1 29. Kf1 Ke7 30. f3 Ne3+ 31. Kf2 Nxc2 32. R6d3 Qb6+ 33.
Kg3 Nd4 34. Ne3 Qb1 35. Kf2 Qh1 36. Rd1 Qh4+ 37. Kg1 Ne2+ 38. Kf1 Ng3+ 39. Kg1
Bb5 40. R3d2 Qh1+ 41. Kf2 Qh2 42. Nd5+ Kf8 43. Re1 Nh1+ 44. Ke3 Qh4 45. Rc1
Qg5+ 46. f4 Qg3# 0-1

[Event "Open A"]
[Site "Mortara ITA"]
[Date "2011.09.??"]
[Round "2"]
[White "Pace, Pietro Dario"]
[Black "Martinez, Rolly"]
[Result "0-1"]
[WhiteElo "2276"]
[BlackElo "2411"]
[PlyCount "44"]
[EventDate "2011.09.16"]

1. e4 c5 2. Nc3 Nc6 3. f4 g6 4. Nf3 Bg7 5. Bc4 e6 6. a3 Nge7 7. e5 d5 8. exd6
Qxd6 9. d3 b6 10. O-O Bb7 11. Ne4 Qc7 12. Nfg5 h6 13. Nxf7 Kxf7 14. f5 Nxf5 15.
g4 Bd4+ 16. Kh1 Ke7 17. gxf5 gxf5 18. Bxe6 Kxe6 19. Rxf5 Kxf5 20. Qh5+ Ke6 21.
Qg4+ Ke7 22. Bf4 Ne5 0-1

[Event "Open A"]
[Site "Mortara ITA"]
[Date "2011.09.??"]
[Round "2"]
[White "Radice, Luca"]
[Black "Robbio, Pietro"]
[Result "1-0"]
[WhiteElo "1972"]
[BlackElo "1883"]
[PlyCount "77"]
[EventDate "2011.09.16"]

1. d4 Nf6 2. c4 e6 3. Nc3 Bb4 4. a3 Bxc3+ 5. bxc3 c5 6. e3 O-O 7. Bd3 b6 8. Ne2
Bb7 9. O-O d6 10. f3 Nc6 11. e4 e5 12. d5 Ne7 13. Ra2 Ng6 14. Bg5 h6 15. Be3
Qe7 16. Ng3 Bc8 17. Qc1 Nh7 18. Nf5 Bxf5 19. exf5 Nh8 20. Be4 f6 21. h4 Qe8 22.
g4 Nf7 23. Rg2 Rd8 24. Kh1 Rd7 25. Rfg1 Kh8 26. Rh2 Kg8 27. Qf1 Qe7 28. Qh3 Rc7
29. Qf1 Rd7 30. Bc2 Re8 31. Ba4 e4 32. Bxd7 Qxd7 33. f4 Qa4 34. g5 fxg5 35.
hxg5 hxg5 36. Qh3 Nf6 37. fxg5 Nd7 38. g6 Nh6 39. Bxh6 1-0

[Event "Open A"]
[Site "Mortara ITA"]
[Date "2011.09.??"]
[Round "2"]
[White "Vuelban, Virgilio"]
[Black "Gabetto, Flaviano"]
[Result "1-0"]
[WhiteElo "2353"]
[BlackElo "2119"]
[PlyCount "69"]
[EventDate "2011.09.16"]

1. e4 e6 2. d4 d5 3. Nc3 Nf6 4. Bg5 Bb4 5. Nge2 h6 6. Bxf6 Qxf6 7. a3 Ba5 8.
exd5 O-O 9. Qd3 Rd8 10. b4 Bb6 11. Qe4 c6 12. dxc6 Nxc6 13. Rd1 Nxd4 14. f3
Nxe2 15. Rxd8+ Bxd8 16. Nxe2 Qa1+ 17. Kd2 Qxa3 18. Nf4 a5 19. b5 Bf6 20. Bc4
Qc3+ 21. Ke2 a4 22. Nd5 exd5 23. Qe8+ Kh7 24. Bd3+ Qxd3+ 25. cxd3 a3 26. g4 a2
27. h4 a1=Q 28. Rxa1 Rxa1 29. Qxf7 Ra3 30. g5 Ra2+ 31. Ke3 hxg5 32. Qh5+ Kg8
33. hxg5 d4+ 34. Kf4 Bxg5+ 35. Qxg5 1-0

[Event "Open A"]
[Site "Mortara ITA"]
[Date "2011.09.??"]
[Round "3"]
[White "Fadali, Mustafa"]
[Black "Cordani, Enrico"]
[Result "1-0"]
[WhiteElo "2027"]
[BlackElo "1822"]
[PlyCount "55"]
[EventDate "2011.09.16"]

1. e4 c5 2. Nf3 d6 3. d4 cxd4 4. Qxd4 Nc6 5. Bb5 Bd7 6. Bxc6 Bxc6 7. Nc3 Nf6 8.
Bg5 e6 9. O-O Be7 10. Rad1 Qc7 11. Nd2 h6 12. Bh4 g5 13. Bg3 e5 14. Qd3 h5 15.
h4 Ng4 16. hxg5 Bxg5 17. Nb5 Bxb5 18. Qxb5+ Ke7 19. Nc4 a6 20. Qb4 Rad8 21.
Nxe5 h4 22. Nxg4 hxg3 23. e5 gxf2+ 24. Rxf2 Bh4 25. exd6+ Rxd6 26. Re2+ Kd7 27.
Rxd6+ Qxd6 28. Rd2 1-0

[Event "Open A"]
[Site "Mortara ITA"]
[Date "2011.09.??"]
[Round "3"]
[White "Gabetto, Flaviano"]
[Black "Radice, Luca"]
[Result "1/2-1/2"]
[WhiteElo "2119"]
[BlackElo "1972"]
[PlyCount "39"]
[EventDate "2011.09.16"]

1. e4 e6 2. Nf3 d5 3. e5 Bd7 4. d4 c5 5. dxc5 Bxc5 6. Bd3 Nc6 7. O-O Qc7 8. Bf4
Nge7 9. Nc3 a6 10. Qd2 Nd4 11. Bg3 Nxf3+ 12. gxf3 Bd4 13. Qg5 Bxc3 14. bxc3 Ng6
15. h4 Qd8 16. Qg4 h5 17. Qb4 b5 18. Kh2 Rc8 19. Qd4 Ne7 20. a4 1/2-1/2

[Event "Open A"]
[Site "Mortara ITA"]
[Date "2011.09.??"]
[Round "3"]
[White "Guzzetti, Luigi Enrico"]
[Black "Pace, Pietro Dario"]
[Result "0-1"]
[WhiteElo "1955"]
[BlackElo "2276"]
[PlyCount "86"]
[EventDate "2011.09.16"]

1. e4 c5 2. Nf3 Nc6 3. d4 cxd4 4. Nxd4 Qb6 5. Nb3 Nf6 6. Nc3 e6 7. Be3 Qc7 8.
Be2 d6 9. O-O Be7 10. f4 O-O 11. Qd2 a6 12. a4 b6 13. Bf3 Nd7 14. g4 Re8 15. g5
Bf8 16. h4 Bb7 17. Rad1 Rad8 18. Qg2 Nb4 19. h5 d5 20. e5 g6 21. Nd4 Nc5 22.
hxg6 fxg6 23. Rd2 Bc8 24. Ra1 Bd7 25. Qh3 Re7 26. Bg4 Qc8 27. Rh2 Rde8 28. Bf3
Rf7 29. Bg4 Nc6 30. Nce2 Ne4 31. Nxc6 Qxc6 32. Nd4 Qc8 33. Bf3 Bc5 34. Bxe4
dxe4 35. c3 b5 36. axb5 axb5 37. b4 Bb6 38. Nf5 Qxc3 39. Nh6+ Kf8 40. Bxb6
Qxa1+ 41. Kg2 Rxf4 42. Bc5+ Re7 43. Ng4 Qf1+ 0-1

[Event "Open A"]
[Site "Mortara ITA"]
[Date "2011.09.??"]
[Round "3"]
[White "Robbio, Pietro"]
[Black "Motola, Jacopo"]
[Result "0-1"]
[WhiteElo "1883"]
[BlackElo "1848"]
[PlyCount "48"]
[EventDate "2011.09.16"]

1. e4 c5 2. Nf3 d6 3. d4 cxd4 4. Nxd4 Nf6 5. Nc3 g6 6. Be3 Bg7 7. f3 Nc6 8. Qd2
O-O 9. Bc4 Bd7 10. O-O-O Rc8 11. Bb3 Ne5 12. h4 h5 13. Bg5 Rc5 14. Nd5 Nxd5 15.
Bxd5 b5 16. g4 hxg4 17. h5 Rxd5 18. exd5 Nxf3 19. Nxf3 gxf3 20. Bh6 Be5 21.
Bxf8 Qxf8 22. Rdg1 Bf5 23. Qg5 Qc8 24. Rg2 Bf4+ 0-1

[Event "Open A"]
[Site "Mortara ITA"]
[Date "2011.09.??"]
[Round "3"]
[White "Sbarra, Marco"]
[Black "Giretti Kanev, Jasen"]
[Result "1/2-1/2"]
[WhiteElo "2227"]
[BlackElo "2205"]
[PlyCount "87"]
[EventDate "2011.09.16"]

1. d4 Nf6 2. c4 e6 3. Nc3 d5 4. cxd5 exd5 5. Bg5 Be7 6. e3 O-O 7. Bd3 c6 8. Qc2
h6 9. Bf4 c5 10. dxc5 Nc6 11. Nge2 Nb4 12. Qd2 Nxd3+ 13. Qxd3 Bxc5 14. O-O Bg4
15. Rfd1 Qe7 16. h3 Bh5 17. Rd2 Rfd8 18. Qb5 g5 19. Be5 Ne4 20. Nxe4 dxe4 21.
Rxd8+ Rxd8 22. Bd4 Bxe2 23. Qxc5 Qxc5 24. Bxc5 Rd2 25. Bd4 Rc2 26. a4 a6 27. a5
Kh7 28. Ra3 Rc1+ 29. Kh2 Rf1 30. Rc3 Bd3 31. Kg3 h5 32. h4 gxh4+ 33. Kxh4 Rxf2
34. Rc8 f6 35. Kxh5 Be2+ 36. Kh4 Kg6 37. Kg3 Rf5 38. Rg8+ Kf7 39. Rb8 Rxa5 40.
Rxb7+ Kg6 41. Rd7 Bd3 42. Rd6 Rf5 43. Kg4 Rf1 44. Kg3 1/2-1/2

[Event "IV Festival A"]
[Site "Pescia ITA"]
[Date "2011.09.16"]
[Round "1"]
[White "Bettazzi, Alessandro"]
[Black "Vocaturo, Riccardo"]
[Result "1-0"]
[WhiteElo "1956"]
[BlackElo "1800"]
[PlyCount "65"]
[EventDate "2011.09.16"]

1. e4 e6 2. d4 d5 3. exd5 exd5 4. Bd3 Nc6 5. c3 Bd6 6. Nf3 Bg4 7. O-O Nge7 8.
Bg5 f6 9. Bh4 Qd7 10. Nbd2 g5 11. Bg3 h5 12. Qc2 O-O-O 13. Bxd6 Qxd6 14. b4 h4
15. Qa4 Be6 16. b5 Nb8 17. Qxa7 g4 18. Nb3 b6 19. Nc5 bxc5 20. dxc5 Qf4 21. Nd4
Bd7 22. c6 Nexc6 23. bxc6 Bxc6 24. Ne6 Qd6 25. Bf5 Bd7 26. Nxd8 Rxd8 27. Rab1
Bxf5 28. Rxb8+ Kd7 29. Qa4+ Ke7 30. Re1+ Kf7 31. Qa8 Rd7 32. Rh8 h3 33. Qg8#
1-0

[Event "IV Festival A"]
[Site "Pescia ITA"]
[Date "2011.09.17"]
[Round "2"]
[White "Scali, Fausto"]
[Black "Bellini, Fabio"]
[Result "0-1"]
[WhiteElo "1927"]
[BlackElo "2504"]
[PlyCount "58"]
[EventDate "2011.09.16"]

1. e4 g6 2. d4 Bg7 3. Nc3 a6 4. f4 d5 5. e5 Nh6 6. Nf3 Bg4 7. Be3 e6 8. Be2 Nf5
9. Bf2 h5 10. Qd2 Bxf3 11. Bxf3 Nd7 12. O-O-O b5 13. Nxd5 exd5 14. Bxd5 O-O 15.
Bxa8 Qxa8 16. g3 Rd8 17. Qe2 Nb6 18. h3 Qg2 19. Rhg1 Qxh3 20. g4 hxg4 21. Rxg4
Nc4 22. Rd3 Qh1+ 23. Rd1 Qh5 24. Rdg1 Nh6 25. Bh4 Rxd4 26. Qf2 Bxe5 27. Rg5
Rd1+ 28. Rxd1 Bxb2+ 29. Kb1 Qxd1# 0-1

[Event "IV Festival A"]
[Site "Pescia ITA"]
[Date "2011.09.17"]
[Round "2"]
[White "Steccanella, Willi"]
[Black "Pescatore, Lorenzo"]
[Result "0-1"]
[WhiteElo "1890"]
[BlackElo "2165"]
[PlyCount "56"]
[EventDate "2011.09.16"]

1. b3 c5 2. Bb2 Nc6 3. c4 e5 4. e3 g6 5. g3 Bg7 6. Bg2 Nge7 7. Nc3 d6 8. Nge2
Be6 9. O-O O-O 10. Bd5 Bh3 11. Bg2 Bxg2 12. Kxg2 d5 13. cxd5 Nxd5 14. a3 Qd7
15. Kg1 Rad8 16. Na4 b6 17. d4 exd4 18. exd4 Qh3 19. Qd3 cxd4 20. Rad1 Nde7 21.
Qe4 Qd7 22. Rd3 Rde8 23. Qg2 Qf5 24. Rfd1 Ne5 25. Nxd4 Qxd3 26. Rxd3 Nxd3 27.
Nc6 Nxc6 28. Bxg7 Re1+ 0-1

[Event "IV Festival A"]
[Site "Pescia ITA"]
[Date "2011.09.17"]
[Round "3"]
[White "Bellini, Fabio"]
[Black "Srebrnic, Vojko"]
[Result "1/2-1/2"]
[WhiteElo "2504"]
[BlackElo "2244"]
[PlyCount "112"]
[EventDate "2011.09.16"]

1. e4 e5 2. Bc4 Nf6 3. d3 Nc6 4. Nf3 Be7 5. Qe2 d6 6. c3 O-O 7. Bb3 h6 8. Nbd2
Nh7 9. Nf1 Ng5 10. Nxg5 Bxg5 11. Ne3 Bxe3 12. Bxe3 Be6 13. Ba4 d5 14. Bc5 Re8
15. O-O a6 16. Rfd1 Qg5 17. f3 Rad8 18. b4 b5 19. Bb3 Ne7 20. a4 Ng6 21. Be3
Nf4 22. Bxf4 Qxf4 23. exd5 Bxd5 24. Bxd5 Rxd5 25. axb5 axb5 26. Qe4 Rd6 27.
Qxf4 exf4 28. Rd2 Re3 29. Rad1 Rc6 30. Rc1 Rd6 31. c4 bxc4 32. Rxc4 Rexd3 33.
Rxd3 Rxd3 34. Rxc7 Rd1+ 35. Kf2 Rd2+ 36. Kf1 Rb2 37. Rc4 g5 38. h4 Kg7 39. h5
Kf6 40. Rc6+ Ke5 41. Rxh6 Rxb4 42. Kg1 Kf5 43. Rh7 Kf6 44. Kh2 Rb1 45. Rh6+ Kg7
46. Rc6 Rb2 47. h6+ Kh7 48. Rf6 Re2 49. Kh3 Re6 50. Rxf7+ Kxh6 51. Kg4 Re2 52.
Rf6+ Kg7 53. Kf5 Rxg2 54. Rg6+ Kf7 55. Rxg5 Rxg5+ 56. Kxg5 Kg7 1/2-1/2

[Event "IV Festival A"]
[Site "Pescia ITA"]
[Date "2011.09.17"]
[Round "3"]
[White "Passerotti, Pierluigi"]
[Black "Pescatore, Lorenzo"]
[Result "1-0"]
[WhiteElo "2252"]
[BlackElo "2165"]
[PlyCount "97"]
[EventDate "2011.09.16"]

1. Nf3 c5 2. c3 Nf6 3. d4 e6 4. Bg5 Be7 5. e3 b6 6. Nbd2 Bb7 7. Bd3 cxd4 8.
exd4 O-O 9. O-O Nc6 10. Qe2 Nd5 11. Bxe7 Ncxe7 12. g3 f5 13. a3 Qe8 14. c4 Nf6
15. Ne5 Nc6 16. Nxc6 Bxc6 17. Rae1 Nh5 18. f3 Qg6 19. Qe5 Rae8 20. Rf2 Qg5 21.
Rfe2 Nf6 22. Qe3 Qh5 23. Qf2 h6 24. Re5 Qf7 25. Nb1 Nh7 26. Qe2 Ng5 27. Nd2 d6
28. Re3 f4 29. gxf4 Qxf4 30. Be4 d5 31. cxd5 Nh3+ 32. Kh1 exd5 33. Bxd5+ Bxd5
34. Rxe8 Rxe8 35. Qxe8+ Kh7 36. Qe3 Qh4 37. Rf1 Ng5 38. Qe5 Be6 39. f4 Bh3 40.
fxg5 Bxf1 41. Nxf1 Qf2 42. g6+ Kxg6 43. Qg3+ Qxg3 44. Nxg3 Kg5 45. Kg2 Kf4 46.
Nh5+ Ke4 47. Nxg7 Kxd4 48. Nf5+ Ke5 49. Nxh6 1-0

[Event "IV Festival A"]
[Site "Pescia ITA"]
[Date "2011.09.18"]
[Round "4"]
[White "Efimov, Igor"]
[Black "Passerotti, Pierluigi"]
[Result "1-0"]
[WhiteElo "2430"]
[BlackElo "2252"]
[PlyCount "53"]
[EventDate "2011.09.16"]

1. e4 c5 2. Nf3 d6 3. d4 cxd4 4. Qxd4 Nc6 5. Qe3 Nf6 6. c4 g6 7. Be2 Bg7 8. O-O
O-O 9. h3 Nd7 10. Nc3 Qa5 11. Rd1 Qc5 12. Qf4 Nde5 13. Bf1 Nxf3+ 14. Qxf3 Be6
15. Nd5 Rfe8 16. Qb3 Bd4 17. Qg3 Bxd5 18. exd5 Nb4 19. a3 Nc2 20. Ra2 a5 21. b3
Be5 22. Qd3 Na1 23. Be3 Qc7 24. Raxa1 Bxa1 25. Rxa1 b6 26. a4 Rab8 27. Bd4 1-0

[Event "XIV Weekend"]
[Site "Cavarzere ITA"]
[Date "2011.10.23"]
[Round "6"]
[White "Guerra, Alessandro"]
[Black "Omeri, Silvan"]
[WhiteElo "2204"]
[BlackElo "2199"]
[Result "1/2-1/2"]
[PlyCount "95"]
[EventDate "2011.10.15"]

1. e4 c5 2. Nf3 d6 3. Bc4 e6 4. O-O a6 5. Re1 b5 6. Bf1 Bb7 7. a4 b4 8. d4 cxd4
9. Nxd4 Nf6 10. Bg5 Qa5 11. Bxf6 gxf6 12. Nd2 Nd7 13. Nc4 Qc5 14. Nb3 Qc7 15.
Nba5 Ne5 16. Nxb7 Nxc4 17. Bxc4 Qxb7 18. Qh5 Qc8 19. Bb3 Ra7 20. a5 Rc7 21.
Ba4+ Ke7 22. Rad1 Rc5 23. e5 fxe5 24. Qh4+ f6 25. Qxb4 Qc7 26. Qa3 Kf7 27. b4
Rc3 28. Bb3 d5 29. Qa4 Qc6 30. b5 Qxb5 31. Qh4 h5 32. f4 Qb4 33. Rf1 Be7 34.
Qe1 exf4 35. Qe2 h4 36. h3 Rg3 37. Kh1 Rh6 38. Qxa6 Rhg6 39. Rfe1 Rxh3+ 40.
gxh3 f5 41. Rxe6 Rxe6 42. Bxd5 Qe4+ 43. Bxe4 Rxa6 44. Bxf5 Rxa5 45. Be4 Bc5 46.
Kg2 Be3 47. Rd5 Rxd5 48. Bxd5+ 1/2-1/2

[Event "II Open A"]
[Site "Marrubiu ITA"]
[Date "2011.11.09"]
[Round "2"]
[White "Ibba, Isacco"]
[Black "Mallo', Danilo"]
[WhiteElo "2174"]
[BlackElo "1913"]
[Result "1-0"]
[PlyCount "107"]
[EventDate "2011.10.29"]

1. d4 d5 2. e3 e6 3. Bd3 Nf6 4. Nd2 Nbd7 5. f4 c5 6. c3 g6 7. Ngf3 Bg7 8. O-O
O-O 9. Qe1 Qc7 10. Qh4 b6 11. Ne5 Bb7 12. Rf3 Nxe5 13. fxe5 Nd7 14. Rh3 h6 15.
Qg4 Rfe8 16. Nf3 Nf8 17. Bd2 a5 18. Re1 Qe7 19. Bb1 Rad8 20. Rf1 Nh7 21. Be1 h5
22. Qf4 Qf8 23. g4 Bh6 24. g5 Bg7 25. Nd2 Qe7 26. Bh4 Nf8 27. Rhf3 Rd7 28. Bd3
Bc6 29. R1f2 Rb7 30. Rg2 Reb8 31. Be1 c4 32. Bc2 b5 33. Nf1 b4 34. Qh4 Nh7 35.
Rf6 Be8 36. Ng3 bxc3 37. Bxc3 Rxb2 38. Bxb2 Rxb2 39. Nxh5 Qa3 40. Rf3 Rxa2 41.
Nxg7 Qc1+ 42. Rf1 Qxe3+ 43. Kh1 Rxc2 44. Rxc2 Kxg7 45. Rg2 c3 46. Rg3 Qe2 47.
Qf4 c2 48. Rg2 Qc4 49. Rgf2 Qc7 50. h4 Qe7 51. Rxc2 a4 52. Qf6+ Nxf6 53. exf6+
Qxf6 54. Rxf6 1-0

[Event "C.to Mondiale U08 femminile"]
[Site "Caldas Novas BRA"]
[Date "2011.11.18"]
[Round "1"]
[White "Raccanello, Marianna"]
[Black "Tanishka, Kotia"]
[WhiteElo "1461"]
[BlackElo "1219"]
[Result "0-1"]
[PlyCount "84"]
[EventDate "2011.11.18"]

1. e4 c5 2. Nf3 d6 3. d4 cxd4 4. Nxd4 Nf6 5. Nc3 g6 6. Bc4 Bg7 7. Be3 O-O 8.
Qd2 Nc6 9. Nf3 Ng4 10. Bg5 Nge5 11. Nxe5 Nxe5 12. Bd5 a6 13. O-O Qc7 14. Rad1
e6 15. Bb3 f6 16. Bf4 Rd8 17. Rfe1 b5 18. Re3 Rb8 19. Bg3 a5 20. a3 Bh6 21. f4
Qb6 22. Qf2 Ng4 23. Qf3 Nxe3 24. Bf2 a4 25. Bxe3 Qc7 26. Ba2 Kh8 27. Bd4 Rf8
28. Qg3 e5 29. Be3 exf4 30. Bxf4 Bxf4 31. Qxf4 Qc5+ 32. Kh1 Qe5 33. Qe3 Bg4 34.
Rd5 Qe8 35. Rxd6 Rd8 36. Rb6 f5 37. Qh6 fxe4 38. h3 Rf1+ 39. Kh2 Qe5+ 40. g3
Bf3 41. Qg7+ Qxg7 42. g4 Qe5# 0-1

[Event "C.to Mondiale U10"]
[Site "Caldas Novas BRA"]
[Date "2011.11.20"]
[Round "3"]
[White "Acosta Cubides, Jorian Jared"]
[Black "Iannello, Andrea"]
[Result "1/2-1/2"]
[WhiteElo "1982"]
[BlackElo "1743"]
[PlyCount "45"]
[EventDate "2011.11.18"]

1. e4 c5 2. Nf3 d6 3. d4 cxd4 4. Nxd4 Nf6 5. Nc3 a6 6. f3 e5 7. Nb3 Be7 8. Be3
Be6 9. Qd2 O-O 10. O-O-O Nbd7 11. g4 b5 12. g5 b4 13. Ne2 Ne8 14. Ng3 a5 15.
Kb1 Nc7 16. Nf5 d5 17. Nxe7+ Qxe7 18. exd5 Nxd5 19. Bb5 Nxe3 20. Qxe3 a4 21.
Nc1 Nc5 22. Nd3 Nxd3 23. Rxd3 1/2-1/2

[Event "C.to Mondiale U12"]
[Site "Caldas Novas BRA"]
[Date "2011.11.18"]
[Round "1"]
[White "Olsen, Ulrik"]
[Black "Rambaldi, Francesco"]
[Result "0-1"]
[WhiteElo "1701"]
[BlackElo "2211"]
[PlyCount "128"]
[EventDate "2011.11.18"]

1. e4 c6 2. Nf3 d5 3. Nc3 Bg4 4. d4 dxe4 5. Nxe4 Nd7 6. Be2 Ngf6 7. Ng3 e6 8.
h3 Bxf3 9. Bxf3 Be7 10. O-O O-O 11. c4 Qc7 12. Be3 Rad8 13. Qb3 Rfe8 14. Rac1
e5 15. Nf5 Bf8 16. dxe5 Qxe5 17. Ng3 Bc5 18. Rfe1 Qc7 19. Bxc5 Nxc5 20. Qc3 a5
21. Rxe8+ Rxe8 22. Re1 Rxe1+ 23. Qxe1 g6 24. Kf1 Nfd7 25. Ne4 Nxe4 26. Qxe4 Qd6
27. Qc2 Qf4 28. b3 Ne5 29. Be2 Qd4 30. Ke1 c5 31. Qd1 Qc3+ 32. Qd2 Qa1+ 33. Bd1
Nc6 34. g3 b6 35. Qd6 Qe5+ 36. Qxe5 Nxe5 37. Kd2 Kf8 38. Ke3 Ke7 39. f4 Nc6 40.
Ke4 Kd6 41. g4 f6 42. h4 Nd4 43. Ke3 h6 44. Kd3 Ke6 45. Ke3 Nc6 46. Bc2 Ne7 47.
Kf3 g5 48. hxg5 hxg5 49. f5+ Ke5 50. Ke3 Nc8 51. Bb1 Na7 52. Bc2 b5 53. a4 b4
54. Be4 Nc8 55. Bg2 Nd6 56. Bf3 Nxf5+ 57. gxf5 Kxf5 58. Bb7 Ke5 59. Bf3 f5 60.
Bd1 g4 61. Kf2 Ke4 62. Bc2+ Kf4 63. Bd1 g3+ 64. Kf1 Ke3 0-1

[Event "C.to Mondiale U12"]
[Site "Caldas Novas BRA"]
[Date "2011.11.19"]
[Round "2"]
[White "Rambaldi, Francesco"]
[Black "Chong Chinchay, Eric Joel"]
[Result "1-0"]
[WhiteElo "2211"]
[BlackElo "1893"]
[PlyCount "116"]
[EventDate "2011.11.18"]

1. d4 d5 2. c4 c6 3. Nc3 Nf6 4. Qb3 dxc4 5. Qxc4 Be6 6. Qd3 Nbd7 7. Nf3 Nb6 8.
Qc2 Bg4 9. e3 Bxf3 10. gxf3 Rc8 11. Bg2 g6 12. O-O Bg7 13. Rd1 O-O 14. b3 Nfd5
15. Ne4 c5 16. Nxc5 Nd7 17. b4 b6 18. Qb3 Nxc5 19. bxc5 bxc5 20. e4 c4 21. Qa3
Nc7 22. Qe3 Nb5 23. a4 Bxd4 24. axb5 Bxe3 25. Rxd8 Rfxd8 26. Bxe3 c3 27. Kf1
Rb8 28. Bxa7 Rxb5 29. Rc1 Rb2 30. Be3 Rd3 31. f4 f5 32. e5 Rd8 33. Bf3 Rc8 34.
Bd1 c2 35. Bf3 Rd8 36. Ke2 Rd1 37. Rxc2 Rxc2+ 38. Kxd1 Rb2 39. Bd2 Kf7 40. Ke2
Ke6 41. Kd3 Ra2 42. Bd1 Ra3+ 43. Bc3 h6 44. h4 Kd5 45. Bf3+ Kc5 46. Bg2 e6 47.
Bb7 Ra4 48. Bd2 Ra3+ 49. Ke2 Kd4 50. Be3+ Kc4 51. Bc8 Kd5 52. Bb7+ Kc4 53. Kf3
Ra1 54. Bc8 Kd5 55. Bb7+ Kc4 56. Kg3 Rg1+ 57. Kh2 Ra1 58. Bc6 Rb1 1-0

[Event "C.to Mondiale U12"]
[Site "Caldas Novas BRA"]
[Date "2011.11.20"]
[Round "3"]
[White "Zelesco, Karl"]
[Black "Rambaldi, Francesco"]
[Result "1-0"]
[WhiteElo "1976"]
[BlackElo "2211"]
[PlyCount "125"]
[EventDate "2011.11.18"]

1. d4 Nf6 2. c4 g6 3. g3 Bg7 4. Bg2 c5 5. d5 Qa5+ 6. Nc3 Qa6 7. Nb5 O-O 8. d6
exd6 9. Qxd6 Qxd6 10. Nxd6 Nc6 11. Be3 b6 12. h3 Ba6 13. O-O-O Rad8 14. g4 Ne8
15. Bf4 Nd4 16. b3 Ne6 17. Bg3 Nxd6 18. Bxd6 Rfe8 19. h4 Bf8 20. e3 b5 21. Bxf8
Kxf8 22. Rd6 Nc7 23. cxb5 Bxb5 24. Nh3 Re6 25. Rd2 f6 26. Rhd1 Ke7 27. Nf4 Rb6
28. Be4 Bc6 29. Bc2 Nb5 30. Kb2 a5 31. h5 g5 32. Nd5+ Bxd5 33. Rxd5 h6 34. Rxc5
d6 35. Rf5 Rdb8 36. a4 Na7 37. Rxa5 Nc6 38. Rf5 Ne5 39. Rd4 Rb4 40. Bd1 R4b6
41. f4 Nd7 42. Ka3 Rc8 43. Rb4 Rbc6 44. Re4+ Kf7 45. fxg5 hxg5 46. Rb5 R8c7 47.
Rd4 Ne5 48. a5 Ke7 49. Rbd5 Rc3 50. Re4 Ke6 51. Red4 Ke7 52. Kb2 R3c6 53. Rd2
Ke6 54. R5d4 Ke7 55. Rc2 Rc5 56. b4 Rxc2+ 57. Bxc2 Nc6 58. Rc4 d5 59. Rc3 Kd6
60. b5 Nxa5 61. Rxc7 Kxc7 62. Bb3 f5 63. h6 1-0

[Event "C.to Mondiale U12"]
[Site "Caldas Novas BRA"]
[Date "2011.11.20"]
[Round "4"]
[White "Rambaldi, Francesco"]
[Black "Meunier, Clement"]
[Result "1-0"]
[WhiteElo "2211"]
[BlackElo "1874"]
[PlyCount "85"]
[EventDate "2011.11.18"]

1. c4 e6 2. Nc3 d5 3. d4 c6 4. Qb3 f5 5. g3 Bd6 6. Bg2 Nf6 7. Nh3 O-O 8. O-O
Kh8 9. Bf4 b6 10. cxd5 exd5 11. Rac1 Bb7 12. Rfd1 Bxf4 13. Nxf4 Qd6 14. a4 a5
15. Qxb6 Qb4 16. Qc7 Na6 17. Qe5 Ng4 18. Na2 Qxb2 19. Qe7 Rae8 20. Rb1 Qxa2 21.
Qxb7 Nb4 22. Ra1 Qc4 23. e3 Nf6 24. Qc7 Nc2 25. Bf1 Qb3 26. Rdb1 Qc3 27. Ra2
Nb4 28. Rab2 Ra8 29. Ne6 Rg8 30. Qe5 Qa3 31. Ng5 Ra7 32. Qxf5 h6 33. Ne6 Rf7
34. Qg6 Rgf8 35. Nxf8 Rxf8 36. Bh3 Qxa4 37. Bf5 Qb5 38. h4 h5 39. g4 hxg4 40.
h5 Qb7 41. Ra1 Qc7 42. h6 Rg8 43. hxg7+ 1-0

[Event "C.to Mondiale U12"]
[Site "Caldas Novas BRA"]
[Date "2011.11.22"]
[Round "5"]
[White "Puranik, Abhimanyu"]
[Black "Rambaldi, Francesco"]
[Result "1/2-1/2"]
[WhiteElo "1991"]
[BlackElo "2211"]
[PlyCount "101"]
[EventDate "2011.11.18"]

1. e4 c5 2. Nf3 e6 3. d4 cxd4 4. Nxd4 a6 5. Nc3 Qc7 6. Be2 Nf6 7. O-O Nc6 8. a4
Bb4 9. Nxc6 bxc6 10. Bd3 d5 11. exd5 cxd5 12. Qf3 O-O 13. Bg5 Be7 14. Rfe1 Rb8
15. Rab1 Bb7 16. Qh3 g6 17. Qh4 Qd8 18. Re3 Re8 19. Rh3 Nh5 20. Bxe7 Qxe7 21.
Qxe7 Rxe7 22. Rh4 Nf6 23. Rb4 Nd7 24. Re1 e5 25. a5 Bc6 26. Rxb8+ Nxb8 27. f3
f5 28. b3 Kf8 29. Bf1 Kg7 30. Na2 Rc7 31. Nb4 Kf6 32. Rd1 Rd7 33. Kf2 d4 34.
Ke2 Rc7 35. f4 Be4 36. fxe5+ Kxe5 37. Kd2 Rc5 38. Nd3+ Bxd3 39. Bxd3 Rxa5 40.
Re1+ Kd6 41. Re8 Nd7 42. Ra8 Nf6 43. Rxa6+ Rxa6 44. Bxa6 Ne4+ 45. Ke2 Kc5 46.
Bc4 h6 47. Bf7 g5 48. Be6 f4 49. Bf5 Nc3+ 50. Kd3 Nd5 51. Be4 1/2-1/2